Innovations in Food Packaging (Record no. 14309)
[ view plain ]
| 000 -LEADER | |
|---|---|
| fixed length control field | 00350nam a22001337a 4500 |
| 020 ## - INTERNATIONAL STANDARD BOOK NUMBER | |
| ISBN | 9789381269725 |
| 082 ## - DEWEY DECIMAL CLASSIFICATION NUMBER | |
| Classification number | 664.092 |
| Item number | HAN/IN |
| 245 ## - TITLE STATEMENT | |
| Title | Innovations in Food Packaging |
| 260 ## - PUBLICATION, DISTRIBUTION, ETC. (IMPRINT) | |
| Place of publication | New Delhi |
| Name of publisher | Elsevier |
| Year of publication | 2012 |
| 300 ## - PHYSICAL DESCRIPTION | |
| Number of Pages | 517 |
| 490 ## - SERIES STATEMENT | |
| Series statement | Food Science and Technology, International Series |
| 700 ## - ADDED ENTRY--PERSONAL NAME | |
| Personal name | Han,Jung.H |
| 942 ## - ADDED ENTRY ELEMENTS (KOHA) | |
| Koha item type | Reference |
No items available.
